000 00750nam a2200241 a 4500
003 DO-SdBNP
005 20240530073927.0
007 ta
008 091120s2022 dr 000 f spa d
020 _a9789945627923
040 _aDO-SdBNP
_bspa
_cBNPHU
082 4 _aRD863.44
_bS237m, 2022
_222
100 1 _aSantos, Luis R.,
_d1958-
_q (Luis Rhadamés),
_92849
245 1 0 _aMemorias de un hombre solo /
_cLuis R. Santos.
260 _aSanto Domingo :
_bSantuario,
_c2022.
300 _a186 p. ;
_c23 cm.
500 _aIncluye datos biográficos del autor en la solapa de la cubierta.
590 _aInventariado, 2022/ YL
650 0 _aNovela dominicana
_9223
650 0 _aLiteratura dominicana.
_967
910 _aYLockward
942 _2ddc
_cLBS1
999 _c52665
_d52665